000 00439nam a2200181Ia 4500
005 20250326144217.0
008 250326s9999 xx 000 0 und d
037 _aTextbook
040 _aFMSL
_beng
_cFMSL
041 _aeng
_2eng
084 _qFMSL
100 _aFoder E
_9749256
245 0 _aGuide to India 1968
_cFoder E
260 _aNY
_bNY, Foder India
_c1968
300 _a661p
942 _cTB
999 _c1302810
_d1302810